000 00608nam a2200241 a 4500
001 nice12345678
003 IN_TiNIC
005 20260116013010.0
008 050524s1887 boma grp 000 0 per
020 _a
_c100
082 0 0 _a891.51
_bHAF5
100 _aHafiz, Shamsuddin Mohammad
245 _aHundred Odes of Tayyabat of Saadi
260 _aBombay
_bEducation Societys Press
_c1887
300 _a277p
500 _aincludes index and biblioraphy
505 2 _aIndex
650 _aPersian Poetry
700 1 _aHafiz, Shamsuddin Mohammad
902 _bRHR
942 _cBK
999 _c9212
_d9212